000 00287nam a22001337a 4500
008 170407b xxu||||| |||| 00| 0 eng d
020 _a9781416000358
041 _aeng
080 _22ND
_a616
100 _a9
101 _aSHM
245 _aPHLEBOTOMY
_cWAREKOIS, R.S
942 _2udc
_cBK
999 _c10201
_d10201